Diseño de control de sistema trasportadores de pallets mediante la secuencia de activación a través de finales de carrera y desactivación con temporizadores a la conexión utilizado en la industria
Presenta un sistema de banda trasportador de Pallets con secuencia de activación a través de finales de carrera y desactivación con temporizadores a la conexión utilizada en la industria, por lo tanto se podría tener soluciones transportadoras de pallets con alta durabilidad, años de operacion...
| Main Authors: | , |
|---|---|
| Other Authors: | |
| Format: | Tesis Section = Libro |
| Language: | Undetermined Spanish |
| Published: |
Managua
UNI
2017
|
| Subjects: |
| LEADER | 01317nam a2200265Ia 4500 | ||
|---|---|---|---|
| 008 | 240830s9999 xx 000 0 und d | ||
| 040 | |a BIBLIOTECA-RUSB/ Mon 621.3 D259 | ||
| 041 | |a spa | ||
| 082 | |a Mon 621.3 D259 | ||
| 100 | 1 | |a Dávila, Luis Miguel | |
| 100 | 1 | |b Cruz, Bosco Manuel | |
| 245 | 1 | 0 | |a Diseño de control de sistema trasportadores de pallets mediante la secuencia de activación a través de finales de carrera y desactivación con temporizadores a la conexión utilizado en la industria |
| 260 | |a Managua |b UNI |c 2017 | ||
| 300 | |a 52 p. :il. | ||
| 500 | |a Contiene: anexos e Incluye: CD. | ||
| 502 | |a Tesis (Ingeniero Electrónico) - UNI, 2017. | ||
| 520 | 3 | |a Presenta un sistema de banda trasportador de Pallets con secuencia de activación a través de finales de carrera y desactivación con temporizadores a la conexión utilizada en la industria, por lo tanto se podría tener soluciones transportadoras de pallets con alta durabilidad, años de operaciones, confiables de alto desempeño. | |
| 650 | 7 | |a SISTEMAS ELECTRICOS AUTOMATIZADOS | |
| 650 | 7 | |b PLANOS ELECTRICOS | |
| 650 | 7 | |c DESARROLLO DE SOFTWARE CADE-SIMU-DISEÑO ELECTRICO | |
| 650 | 7 | |d TRASPORTADOR DE PALLETS | |
| 700 | 1 | |a Tutor: |b Lira Rocha, Ernesto José | |
| 942 | |c BK |2 ddc | ||
| 991 | |a TESIS | ||
| 999 | |c 20058 | ||